000
00291 a2200109 4500
001
ART_7463
005
20260410161624.0
008
260409a
245
1
0
_a
Sociedad anónima- empresa
100
1
_a
Fargosi, Horacio P.
773
0
_t
Enfoques
_g
- Nº 8 (ago. 2012)
_w
REV416
999
_c
11823
_d
11823